MARC details
| 000 -LEADER |
| fixed length control field |
01381cam a2200385 a 4500 |
| 001 - CONTROL NUMBER |
| control field |
36516246 |
| 003 - CONTROL NUMBER IDENTIFIER |
| control field |
OCoLC |
| 005 - DATE AND TIME OF LATEST TRANSACTION |
| control field |
20230917200544.0 |
| 008 - FIXED-LENGTH DATA ELEMENTS--GENERAL INFORMATION |
| fixed length control field |
970310s1996 sp a j 000 1 spa d |
| 020 ## - INTERNATIONAL STANDARD BOOK NUMBER |
| International Standard Book Number |
8424668049 |
| 020 ## - INTERNATIONAL STANDARD BOOK NUMBER |
| International Standard Book Number |
9788424668044 |
| 040 ## - CATALOGING SOURCE |
| Original cataloging agency |
CS1 |
| Language of cataloging |
eng |
| Transcribing agency |
CS1 |
| Modifying agency |
OCL |
| -- |
YOL |
| 041 1# - LANGUAGE CODE |
| Language code of text/sound track or separate title |
spa |
| Language code of original |
fre |
| 092 ## - LOCALLY ASSIGNED DEWEY CALL NUMBER (OCLC) |
| Classification number |
SP E BOU |
| 100 1# - MAIN ENTRY--PERSONAL NAME |
| Personal name |
Bourgoing, Pascale de. |
| 245 10 - TITLE STATEMENT |
| Title |
Mis juguetes favoritos / |
| Statement of responsibility, etc. |
Pascale de Bourgoing, Susan Varley ; [traduccion, Susanna Esquerdo]. |
| 250 ## - EDITION STATEMENT |
| Edition statement |
1a ed. |
| 260 ## - PUBLICATION, DISTRIBUTION, ETC. (IMPRINT) |
| Place of publication, distribution, etc. |
[Barcelona] : |
| Name of publisher, distributor, etc. |
La Galera, |
| Date of publication, distribution, etc. |
1996. |
| 300 ## - PHYSICAL DESCRIPTION |
| Extent |
1 volume (unpaged) |
| Other physical details |
chiefly color illustrations ; |
| Dimensions |
21 cm. |
| 336 ## - CONTENT TYPE |
| Content type term |
text |
| Content type code |
txt |
| Source |
rdacontent. |
| 337 ## - MEDIA TYPE |
| Media type term |
unmediated |
| Media type code |
n |
| Source |
rdamedia. |
| 338 ## - CARRIER TYPE |
| Carrier type term |
volume |
| Carrier type code |
nc |
| Source |
rdacarrier. |
| 490 1# - SERIES STATEMENT |
| Series statement |
A traves de la ventana ; |
| Volume/sequential designation |
4. |
| 500 ## - GENERAL NOTE |
| General note |
Translation of: Mes jouets preferes. |
| 520 ## - SUMMARY, ETC. |
| Summary, etc. |
Nin©Ư loves toys with wheels, those that fly and those that make music. These are her five favorite toys. |
| 650 #0 - SUBJECT ADDED ENTRY--TOPICAL TERM |
| Topical term or geographic name as entry element |
Toys |
| Form subdivision |
Fiction. |
| 650 #0 - SUBJECT ADDED ENTRY--TOPICAL TERM |
| Topical term or geographic name as entry element |
Children's stories, French |
| Form subdivision |
Translations into Spanish. |
| 650 #0 - SUBJECT ADDED ENTRY--TOPICAL TERM |
| Topical term or geographic name as entry element |
Toy and movable books |
| Form subdivision |
Specimens. |
| 650 #0 - SUBJECT ADDED ENTRY--TOPICAL TERM |
| Topical term or geographic name as entry element |
Spanish language materials |
| Form subdivision |
Juvenile fiction. |
| 655 #7 - INDEX TERM--GENRE/FORM |
| Genre/form data or focus term |
Picture books. |
| Source of term |
lcgft. |
| 700 1# - ADDED ENTRY--PERSONAL NAME |
| Personal name |
Varley, Susan. |
| 700 12 - ADDED ENTRY--PERSONAL NAME |
| Personal name |
Bourgoing, Pascale de. |
| Title of a work |
Mes jouets preferes |
| Language of a work |
Spanish. |
| 830 #0 - SERIES ADDED ENTRY--UNIFORM TITLE |
| Uniform title |
A traves de la ventana ; |
| Volume number/sequential designation |
4. |
| 942 ## - ADDED ENTRY ELEMENTS (KOHA) |
| Koha item type |
Libro/Book |